[Event "CRO-chT3 West"]
[Site "Croatia"]
[Date "2017.03.26"]
[Round "3.1"]
[White "Jurman, Nenad"]
[Black "Relja, Marin"]
[Result "1/2-1/2"]
[WhiteElo "1814"]
[BlackElo "1994"]
[PlyCount "126"]
[EventDate "2017.03.25"]
[EventType "team-tourn"]
[EventRounds "9"]
[EventCountry "CRO"]
[SourceTitle "EXT 2019"]
[Source "ChessBase"]
[SourceDate "2018.10.10"]
[SourceVersion "1"]
[SourceVersionDate "2018.10.10"]
[SourceQuality "1"]

1. Nf3 Nf6 2. d4 g6 3. g3 b6 4. Bg2 Bb7 5. 0-0 Bg7 6. Nbd2 0-0 7. Re1 d5 8. Ne5 Nbd7 9. f4 c5 10. c3 Rc8 11. e3 Qc7 12. Qe2 e6 13. g4 Nxe5 14. fxe5 Nd7 15. g5 a6 16. Qg4 b5 17. Rf1 b4 18. cxb4 cxb4 19. Qh4 a5 20. Rf3 Rfe8 21. Rh3 Nf8 22. Nb3 Qb6 23. Nc5 Rxc5 24. dxc5 Qxc5 25. Qd4 Qc7 26. Qd1 Qxe5 27. a3 Qxg5 28. axb4 axb4 29. Ra7 Bc6 30. Rc7 Bd7 31. Rb7 Rc8 32. Rxb4 Qf5 33. e4 dxe4 34. Be3 Qa5 35. Bd2 Qc5+ 36. Kh1 f5 37. Bc3 Bxc3 38. bxc3 Qf2 39. Rd4 Bb5 40. Rd2 Qf4 41. Rb2 Bd3 42. Qe1 Qc7 43. Rb3 Qc4 44. Ra3 Qb5 45. Qc1 Rb8 46. Ra1 Qc5 47. Bf1 Qd5 48. Kg1 Bxf1 49. Kxf1 Qc4+ 50. Kf2 Rd8 51. Ra7 Qc5+ 52. Qe3 Qxe3+ 53. Rxe3 e5 54. Re7 Rd5 55. h4 h6 56. Re2 g5 57. hxg5 hxg5 58. Ra2 f4 59. Raa7 e3+ 60. Ke1 f3 61. Rg7+ Kh8 62. Rgf7 f2+ 63. Ke2 Kg8 1/2-1/2

[Event "CRO-chT3 West"]
[Site "Croatia"]
[Date "2017.03.26"]
[Round "2.5"]
[White "Relja, Marin"]
[Black "Siljan, Milorad"]
[Result "1/2-1/2"]
[WhiteElo "1994"]
[BlackElo "1997"]
[PlyCount "120"]
[EventDate "2017.03.25"]
[EventType "team-tourn"]
[EventRounds "9"]
[EventCountry "CRO"]
[SourceTitle "EXT 2019"]
[Source "ChessBase"]
[SourceDate "2018.10.10"]
[SourceVersion "1"]
[SourceVersionDate "2018.10.10"]
[SourceQuality "1"]

1. b3 Nf6 2. Bb2 e6 3. e3 Be7 4. Nf3 0-0 5. c4 b6 6. Be2 Bb7 7. 0-0 c5 8. Nc3 d5 9. cxd5 Nxd5 10. Nxd5 Bxd5 11. Qc2 Nd7 12. Rfd1 Rc8 13. Ba6 Rc7 14. Rac1 Bxf3 15. gxf3 Bd6 16. Qe4 Qg5+ 17. Qg4 Qh6 18. f4 e5 19. Qg5 Qxg5+ 20. fxg5 Nb8 21. Be2 Nc6 22. Bb5 a6 23. Be2 Rd8 24. Bc3 a5 25. a3 Kf8 26. Kg2 Ke7 27. Kf3 Rf8 28. Rg1 g6 29. Ke4 f5+ 30. gxf6+ Rxf6 31. f3 Rf5 32. h4 c4 33. bxc4 Bxa3 34. Rcd1 Bb4 35. Ba1 Kf8 36. Rg5 Rxg5 37. hxg5 Be7 38. Rb1 Bxg5 39. Rxb6 Be7 40. Kd5 Nb4+ 41. Ke6 Rc6+ 42. Rxc6 Nxc6 43. Bd1 Bb4 44. d4 exd4 45. exd4 h5 46. f4 Bd2 47. d5 Nd8+ 48. Kf6 Bxf4 49. Kxg6 h4 50. Kf5 Bg3 51. Kg4 Ke7 52. Bc3 Nb7 53. Ba4 Kd6 54. Bc6 Nd8 55. Bb5 Nb7 56. Bd4 Nc5 57. Bg7 Nd7 58. Bc3 Ne5+ 59. Kh3 Kc5 60. Bxa5 Nxc4 1/2-1/2

[Event "CRO-chT3W"]
[Site "Croatia"]
[Date "2016.04.10"]
[Round "5.3"]
[White "Tomljanovic, Goran"]
[Black "Relja, Marin"]
[Result "1/2-1/2"]
[WhiteElo "2052"]
[BlackElo "2014"]
[PlyCount "87"]
[EventDate "2016.03.05"]
[EventType "team-tourn"]
[EventRounds "9"]
[EventCountry "CRO"]
[SourceTitle "CBM 171 Extra"]
[Source "ChessBase"]
[SourceDate "2016.04.26"]
[SourceVersion "1"]
[SourceVersionDate "2016.04.26"]
[SourceQuality "1"]
[WhiteTeam "Senj Velebit"]
[BlackTeam "Drazice Rjecina"]
[WhiteTeamCountry "CRO"]
[BlackTeamCountry "CRO"]

1. d4 f5 2. c4 Nf6 3. Nc3 g6 4. Bf4 Bg7 5. e3 0-0 6. Nf3 d6 7. Be2 c6 8. h4 Na6 9. Nd2 h6 10. Qc2 Qe8 11. 0-0-0 Rb8 12. f3 Bd7 13. Rdg1 Nh5 14. Bh2 f4 15. g4 fxe3 16. gxh5 exd2+ 17. Qxd2 Bf5 18. Bf4 Kh7 19. hxg6+ Bxg6 20. h5 Bf5 21. Rxg7+ Kxg7 22. Bxh6+ Kh7 23. Bxf8 Qxf8 24. h6 Qf6 25. Rh5 Bg6 26. Rg5 Kh8 27. Ne4 Bxe4 28. fxe4 Rg8 29. Rf5 Qg6 30. Bf3 Nc7 31. h7 Rd8 32. Rg5 Qf6 33. Rf5 Qg6 34. d5 e5 35. Qf2 cxd5 36. Qh4 Re8 37. Rg5 Qf7 38. Rf5 Qg7 39. Rg5 Qf7 40. Rf5 Qe7 41. Rg5 Qf7 42. Rf5 Qe7 43. Rg5 Qf7 44. Rf5 1/2-1/2

[Event "CRO-chT3W"]
[Site "Croatia"]
[Date "2016.03.06"]
[Round "3.4"]
[White "Djuric, Petar1111"]
[Black "Relja, Marin"]
[Result "0-1"]
[WhiteElo "1929"]
[BlackElo "2014"]
[PlyCount "134"]
[EventDate "2016.03.05"]
[EventType "team-tourn"]
[EventRounds "9"]
[EventCountry "CRO"]
[SourceTitle "CBM 171 Extra"]
[Source "ChessBase"]
[SourceDate "2016.04.26"]
[SourceVersion "1"]
[SourceVersionDate "2016.04.26"]
[SourceQuality "1"]
[WhiteTeam "Crikvenica"]
[BlackTeam "Drazice Rjecina"]
[WhiteTeamCountry "CRO"]
[BlackTeamCountry "CRO"]

1. Nf3 Nf6 2. d4 d6 3. g3 g6 4. Bg2 Bg7 5. 0-0 0-0 6. c3 Nbd7 7. Bf4 c5 8. Na3 a6 9. Qd3 b5 10. Ng5 Rb8 11. Rad1 b4 12. cxb4 Rxb4 13. dxc5 Nxc5 14. Qd2 a5 15. b3 h6 16. Nf3 Nfe4 17. Qc1 Nc3 18. Rd2 g5 19. Be3 N5e4 20. Rc2 Bf5 21. Re1 Nd5 22. Rc4 Nxe3 23. Qxe3 Rxc4 24. Nxc4 Bg6 25. h4 g4 26. Nh2 Nf6 27. Rd1 Qc7 28. Qf4 h5 29. f3 Qc5+ 30. Kh1 Nd5 31. Qg5 Nc3 32. Qxc5 dxc5 33. Rd2 Bh6 34. f4 a4 35. bxa4 Nxa4 36. Bc6 Nc3 37. Ne5 Be4+ 38. Kg1 f6 39. Nhxg4 hxg4 40. Nxg4 Bg7 41. Bd7 f5 42. Nf2 Bd4 43. Kf1 Bd5 44. a4 e6 45. a5 Rb8 46. e3 Bxe3 47. Rxd5 exd5 48. Nd3 c4 49. Ne5 Rb1+ 50. Kg2 Ra1 51. Nc6 Kf7 52. Bxf5 d4 53. Ne5+ Kf6 54. Bd7 Rxa5 55. Nxc4 Rd5 56. Be8 Bc1 57. Bc6 Rc5 58. Ne5 Ra5 59. Bf3 Be3 60. h5 Nd5 61. Be4 Bxf4 62. Ng4+ Kg5 63. Nf2 Be5 64. Bg6 Nf6 65. Nh3+ Kh6 66. g4 Nxg4 67. Kf3 Nf6 0-1

[Event "CRO-chT2 West"]
[Site "Rijeka"]
[Date "2012.10.14"]
[Round "8.34"]
[White "Relja, Marin"]
[Black "Gradiser, Dragoljub"]
[Result "1-0"]
[WhiteElo "2059"]
[BlackElo "1917"]
[PlyCount "161"]
[EventDate "2012.03.17"]
[EventType "team-tourn"]
[EventRounds "9"]
[EventCountry "CRO"]
[SourceTitle "EXT 2013"]
[Source "ChessBase"]
[SourceDate "2012.11.22"]
[SourceVersion "1"]
[SourceVersionDate "2012.11.22"]
[SourceQuality "1"]

1. c4 c5 2. Nc3 e6 3. Nf3 Nc6 4. g3 Nf6 5. Bg2 Be7 6. 0-0 d5 7. cxd5 exd5 8. d4 0-0 9. Bg5 h6 10. Bxf6 Bxf6 11. dxc5 Bxc3 12. bxc3 Be6 13. Qa4 Qe7 14. Qb5 Qc7 15. Rab1 Rab8 16. Nd4 Bd7 17. Qb3 Ne7 18. Qa3 a6 19. Rfe1 Rfc8 20. Nb3 Bb5 21. e4 dxe4 22. Bxe4 Bc4 23. Na5 Bd5 24. Bd3 Ng6 25. Nb3 Ne5 26. Be2 Qd7 27. Rbd1 Qc6 28. Nd4 Qg6 29. Qb4 Re8 30. c4 Nc6 31. Qc3 Nxd4 32. Qxd4 Bc6 33. Bf1 Qf5 34. Bg2 Bxg2 35. Kxg2 Rxe1 36. Rxe1 Qc2 37. a3 Qa4 38. Re3 Qc6+ 39. Qd5 Qc7 40. Qd6 Rc8 41. Qxc7 Rxc7 42. Re5 f6 43. Rd5 Kf7 44. Kf3 Re7 45. Rd3 Rc7 46. Rb3 Ke6 47. Ke3 Ke5 48. f4+ Kf5 49. Kd4 g5 50. fxg5 hxg5 51. Rf3+ Ke6 52. g4 Rd7+ 53. Kc3 Rc7 54. Kd4 Rd7+ 55. Kc3 Rd1 56. Rd3 Rc1+ 57. Kd4 Rf1 58. h3 Rf4+ 59. Kc3 Rf1 60. Re3+ Kd7 61. Kd4 Rf4+ 62. Kd5 Rf1 63. Rb3 Rd1+ 64. Ke4 Kc6 65. Rb6+ Kxc5 66. Rxb7 Kxc4 67. Rb6 a5 68. Rxf6 Re1+ 69. Kf5 Re3 70. Kxg5 Rxh3 71. Rf4+ Kc5 72. a4 Rb3 73. Kf5 Rb4 74. g5 Rb8 75. g6 Kd6 76. g7 Ke7 77. Kg6 Rb6+ 78. Kh7 Rb1 79. Rh4 Kf6 80. g8Q Rb7+ 81. Kh8 1-0

[Event "CRO-chT2 West"]
[Site "Rijeka"]
[Date "2012.10.13"]
[Round "7.43"]
[White "Relja, Marin"]
[Black "Mrdjen, David"]
[Result "0-1"]
[WhiteElo "2059"]
[BlackElo "1990"]
[PlyCount "50"]
[EventDate "2012.03.17"]
[EventType "team-tourn"]
[EventRounds "9"]
[EventCountry "CRO"]
[SourceTitle "EXT 2013"]
[Source "ChessBase"]
[SourceDate "2012.11.22"]
[SourceVersion "1"]
[SourceVersionDate "2012.11.22"]
[SourceQuality "1"]

1. b3 e5 2. Bb2 Nc6 3. e3 d5 4. Bb5 Bd6 5. f4 Qe7 6. Nf3 f6 7. Bxc6+ bxc6 8. fxe5 fxe5 9. Nxe5 Qg5 10. Nf3 Qh6 11. Qe2 Bg4 12. Nc3 Bg3+ 13. Kf1 Nf6 14. Kg1 Bd6 15. Rf1 0-0 16. Nd1 Ne4 17. d3 Ng5 18. h4 Ne6 19. Bc1 Rae8 20. Qf2 Re7 21. e4 Qg6 22. Qe2 Nd4 23. Qe3 Nxf3+ 24. Rxf3 Bxf3 25. Qd2 Bxd1 0-1

[Event "CRO-chT2 West"]
[Site "Rijeka"]
[Date "2012.03.18"]
[Round "3.55"]
[White "Derencinovic, Radoslav"]
[Black "Relja, Marin"]
[Result "0-1"]
[WhiteElo "1907"]
[BlackElo "2059"]
[PlyCount "92"]
[EventDate "2012.03.17"]
[EventType "team-tourn"]
[EventRounds "9"]
[EventCountry "CRO"]
[SourceTitle "EXT 2013"]
[Source "ChessBase"]
[SourceDate "2012.11.22"]
[SourceVersion "1"]
[SourceVersionDate "2012.11.22"]
[SourceQuality "1"]

1. e4 g6 2. d4 Bg7 3. c4 c5 4. d5 d6 5. Qc2 Na6 6. a3 Nf6 7. Nc3 0-0 8. Nf3 e6 9. dxe6 Bxe6 10. h3 Re8 11. Be2 Nc7 12. Bf4 Qe7 13. 0-0 Nd7 14. Rad1 Ne5 15. Rd2 Red8 16. Rfd1 Nxc4 17. Bxc4 Bxc4 18. Bxd6 Rxd6 19. Rxd6 Be6 20. Qd3 Bd4 21. e5 Bb3 22. Re1 Ne6 23. Nb5 c4 24. Qd2 Bb6 25. Rd7 Qe8 26. Qd6 Ba4 27. Qd5 a6 28. Rxb7 Bxf2+ 29. Kxf2 Bxb5 30. Rb6 Nf4 31. Qe4 Nd3+ 32. Kg3 Nxe1 33. Qxe1 Rd8 34. e6 fxe6 35. Rxe6 Qd7 36. Qe5 Qg7 37. Qg5 Rf8 38. Ne5 Rf5 39. Qd8+ Rf8 40. Qd5 Kh8 41. Qc5 Be8 42. Rxa6 g5 43. Ra7 Qf6 44. Qe3 Bh5 45. Ng4 Bxg4 46. Kxg4 Qd6 0-1

[Event "Mediterranean op 5th"]
[Site "Rijeka"]
[Date "2011.11.14"]
[Round "4"]
[White "Glavas, Dragan"]
[Black "Relja, Marin"]
[Result "1-0"]
[WhiteElo "2320"]
[BlackElo "2054"]
[PlyCount "48"]
[EventDate "2011.11.11"]
[EventType "swiss"]
[EventRounds "9"]
[EventCountry "CRO"]
[SourceTitle "EXT 2012"]
[Source "ChessBase"]
[SourceDate "2011.11.24"]
[SourceVersion "1"]
[SourceVersionDate "2011.11.24"]
[SourceQuality "1"]

1. d4 d6 2. c4 g6 3. Nc3 Bg7 4. e4 c5 5. d5 Bxc3+ 6. bxc3 Qa5 7. Bd2 Nd7 8. f4 f6 9. Bd3 Nb6 10. h3 Bd7 11. Nf3 Ba4 12. Qe2 0-0-0 13. 0-0 Nh6 14. e5 Rde8 15. Rfc1 Qa6 16. Be1 Rhf8 17. e6 Nf5 18. Bf2 Rh8 19. g4 Ng7 20. Nd2 Reg8 21. Kg2 Ne8 22. Nb3 Kd8 23. Bxc5 dxc5 24. Nxc5 Nd6 1-0

[Event "Mediterranean op 5th"]
[Site "Rijeka"]
[Date "2011.11.13"]
[Round "3"]
[White "Relja, Marin"]
[Black "Dubrovic, Rafael"]
[Result "1-0"]
[WhiteElo "2054"]
[BlackElo "1576"]
[PlyCount "53"]
[EventDate "2011.11.11"]
[EventType "swiss"]
[EventRounds "9"]
[EventCountry "CRO"]
[SourceTitle "EXT 2012"]
[Source "ChessBase"]
[SourceDate "2011.11.24"]
[SourceVersion "1"]
[SourceVersionDate "2011.11.24"]
[SourceQuality "1"]

1. b3 Nc6 2. Bb2 b6 3. g3 Bb7 4. Bg2 d5 5. Nf3 Qd6 6. d4 0-0-0 7. Nbd2 f5 8. 0-0 Nf6 9. c4 Nd7 10. Rc1 e6 11. a3 h5 12. Ng5 h4 13. Nf7 Qe7 14. Nxh8 hxg3 15. hxg3 Qf6 16. cxd5 exd5 17. e3 Ndb8 18. Qh5 g5 19. Nf3 Bxa3 20. Bxa3 Rxh8 21. Qxg5 Qf7 22. Nh4 a5 23. Qxf5+ Qxf5 24. Nxf5 Nb4 25. Bxb4 axb4 26. Nd6+ Kd7 27. Nxb7 1-0

[Event "CRO-chT3 West"]
[Site "Croatia"]
[Date "2011.04.09"]
[Round "4.33"]
[White "Mrkaljevic, Jakub"]
[Black "Relja, Marin"]
[Result "1-0"]
[WhiteElo "1979"]
[BlackElo "2056"]
[PlyCount "133"]
[EventDate "2011.03.12"]
[EventType "team-tourn"]
[EventRounds "9"]
[EventCountry "CRO"]
[SourceTitle "EXT 2014"]
[Source "ChessBase"]
[SourceDate "2013.11.20"]
[SourceVersion "1"]
[SourceVersionDate "2013.11.20"]
[SourceQuality "1"]

1. d4 Nf6 2. Nf3 d6 3. e3 Nbd7 4. Bc4 e6 5. c3 Be7 6. Nbd2 0-0 7. 0-0 c6 8. b3 Qc7 9. Bd3 e5 10. Ba3 Re8 11. Re1 c5 12. Rc1 Bf8 13. Qc2 h6 14. Nh4 b6 15. e4 Bb7 16. d5 Be7 17. Nf5 Bf8 18. Qd1 g6 19. Ng3 Bg7 20. Bb2 Rf8 21. a4 h5 22. Nf3 Bh6 23. Rc2 Rac8 24. c4 Qd8 25. Bc1 Bxc1 26. Qxc1 Nh7 27. Qh6 Qf6 28. Ne2 Rcd8 29. Ra1 a5 30. Rf1 Nb8 31. Rd2 Bc8 32. Ne1 Qg5 33. Qxg5 Nxg5 34. h4 Nh7 35. Ng3 Nd7 36. f3 Rde8 37. Nc2 Nb8 38. Ne3 Re7 39. Rdf2 Nf6 40. Bb1 Ne8 41. Kh2 Ng7 42. Ne2 Na6 43. g4 Nb4 44. Rg1 Kh7 45. Rfg2 Rh8 46. g5 Rf8 47. Rf1 Bd7 48. Rgf2 Kg8 49. Nc3 Na6 50. Nb5 Bxb5 51. cxb5 Nc7 52. Nc4 Rb8 53. Nxd6 Na8 54. f4 exf4 55. Rxf4 Rf8 56. Nc4 Rd8 57. Rf6 Rb8 58. d6 Ra7 59. e5 Ne8 60. R6f4 Ng7 61. Be4 Ne6 62. R4f2 Nd4 63. Bd3 Nf5 64. Kh3 Re8 65. Rf3 Rc8 66. e6 Rd8 67. e7 1-0

[Event "Mediterranean op-B 4th"]
[Site "Rijeka"]
[Date "2010.11.19"]
[Round "8"]
[White "Juranic, Bruno"]
[Black "Relja, Marin"]
[Result "1-0"]
[WhiteElo "2194"]
[BlackElo "2051"]
[PlyCount "136"]
[EventDate "2010.11.13"]
[EventType "swiss"]
[EventRounds "9"]
[EventCountry "CRO"]
[SourceTitle "EXT 2011"]
[Source "ChessBase"]
[SourceDate "2010.11.26"]
[SourceVersion "1"]
[SourceVersionDate "2010.11.26"]
[SourceQuality "1"]

1. e4 c6 2. d4 d5 3. e5 Bf5 4. Ne2 e6 5. Ng3 Bg6 6. h4 h6 7. h5 Bh7 8. Bd3 Bxd3 9. cxd3 Nd7 10. Be3 f5 11. Ne2 Be7 12. Nf4 Nf8 13. Nc3 Qb6 14. Qc2 Bg5 15. Nce2 Ne7 16. g3 Nc8 17. f3 Qa5+ 18. Kf2 Rg8 19. Rag1 Ne7 20. Bd2 Qb6 21. Bc3 Nc8 22. Ng2 Bd8 23. Nh4 Nh7 24. g4 Bxh4+ 25. Rxh4 Ne7 26. Ng3 fxg4 27. Rxg4 Kd7 28. f4 Raf8 29. a3 Rf7 30. Ke3 Re8 31. Bb4 Nf8 32. Bxe7 Rexe7 33. Rf1 Nh7 34. Rf2 Ke8 35. Qc5 Qxc5 36. dxc5 Kf8 37. Ne2 Kg8 38. Nd4 Re8 39. Rfg2 Nf8 40. Nf3 Kh8 41. Nh4 Kg8 42. d4 Rb8 43. f5 Rd8 44. f6 Rdd7 45. Ng6 Nh7 46. Ne7+ Rdxe7 47. fxe7 Rxe7 48. b4 Ng5 49. Rf4 Rc7 50. a4 b6 51. Rc2 Ne4 52. cxb6 axb6 53. Rf1 c5 54. bxc5 bxc5 55. dxc5 Ng3 56. Rb1 Nf5+ 57. Kd3 Ne7 58. Rb8+ Kf7 59. Rf2+ Nf5 60. Rb5 Ke7 61. Rfb2 Kd7 62. Rb7 Rxb7 63. Rxb7+ Kc6 64. Rb6+ Kxc5 65. Rxe6 Kb4 66. Ra6 Kc5 67. e6 Ne7 68. Ra7 Kd6 1-0

[Event "Mediterranean op-B 4th"]
[Site "Rijeka"]
[Date "2010.11.17"]
[Round "6"]
[White "Antunovic, Ivo"]
[Black "Relja, Marin"]
[Result "1/2-1/2"]
[WhiteElo "2141"]
[BlackElo "2051"]
[PlyCount "87"]
[EventDate "2010.11.13"]
[EventType "swiss"]
[EventRounds "9"]
[EventCountry "CRO"]
[SourceTitle "EXT 2011"]
[Source "ChessBase"]
[SourceDate "2010.11.26"]
[SourceVersion "1"]
[SourceVersionDate "2010.11.26"]
[SourceQuality "1"]

1. Nf3 g6 2. c4 Bg7 3. g3 d6 4. Bg2 c5 5. 0-0 Nc6 6. d3 Nf6 7. Na3 e5 8. Nc2 0-0 9. Rb1 a5 10. Bg5 h6 11. Bxf6 Qxf6 12. Ne3 Qd8 13. Nd5 Rb8 14. Nd2 Be6 15. a3 Ne7 16. Nxe7+ Qxe7 17. b4 axb4 18. axb4 b6 19. b5 Kh7 20. Rb3 h5 21. Ra3 h4 22. Qb3 f5 23. Qa2 hxg3 24. hxg3 Rfc8 25. Bf3 Rc7 26. Kg2 Bf6 27. Rh1+ Kg7 28. Bc6 Qd8 29. Nf3 Qe7 30. Qd2 g5 31. Qa2 Bf7 32. Ra8 Rxa8 33. Qxa8 Qd8 34. Qxd8 Bxd8 35. Ra1 e4 36. Ne1 Bf6 37. Ra6 Bc3 38. Kf1 Ba5 39. Nc2 Kf6 40. Na1 exd3 41. exd3 Bc3 42. Nc2 Ba5 43. Na1 Bc3 44. Nc2 1/2-1/2

[Event "Mediterranean op-B 4th"]
[Site "Rijeka"]
[Date "2010.11.14"]
[Round "2"]
[White "Relja, Marin"]
[Black "Muslija, Idris"]
[Result "1/2-1/2"]
[WhiteElo "2051"]
[BlackElo "2199"]
[PlyCount "131"]
[EventDate "2010.11.13"]
[EventType "swiss"]
[EventRounds "9"]
[EventCountry "CRO"]
[SourceTitle "EXT 2011"]
[Source "ChessBase"]
[SourceDate "2010.11.26"]
[SourceVersion "1"]
[SourceVersionDate "2010.11.26"]
[SourceQuality "1"]

1. Nf3 Nf6 2. g3 g6 3. Bg2 Bg7 4. c4 0-0 5. Nc3 d6 6. 0-0 c6 7. d3 Qa5 8. e4 h6 9. Bd2 Qh5 10. Ne2 e5 11. Kh1 Bh3 12. Neg1 Bxg2+ 13. Kxg2 Nbd7 14. Bb4 Ne8 15. Nh4 Qg5 16. Nh3 Qe7 17. Qe2 Bf6 18. Nf3 Nc7 19. Rfe1 Ne6 20. Nhg1 Kh7 21. Qc2 Bg7 22. Ne2 f5 23. Rf1 Rf7 24. Rad1 Raf8 25. Nd2 h5 26. exf5 gxf5 27. f4 Bh6 28. Rde1 exf4 29. Nxf4 Bxf4 30. gxf4 c5 31. Bc3 Nxf4+ 32. Kh1 Qh4 33. Rg1 Rg8 34. Nf3 Qd8 35. Qd2 Rg4 36. Qxf4 Rxf4 37. Ng5+ Qxg5 38. Rxg5 Ne5 39. Bxe5 dxe5 40. Rxe5 b6 41. Rxh5+ Kg6 42. Rh3 Rf2 43. Re6+ Kg5 44. Rg3+ Kf4 45. Rg2 Kf3 46. Rg3+ Kf4 47. Rg2 Rf1+ 48. Rg1 Rf3 49. Rd6 Ke3 50. Rg2 Rf1+ 51. Rg1 Kf2 52. Rxf1+ Kxf1 53. d4 Rg7 54. h3 Rg3 55. Kh2 Rg2+ 56. Kh1 Rxb2 57. dxc5 bxc5 58. Rd5 Kf2 59. Rxf5+ Kg3 60. Rg5+ Kxh3 61. Rh5+ Kg3 62. Rg5+ Kf4 63. Rxc5 Rxa2 64. Rd5 Ke4 65. Rd8 a5 66. Kg1 1/2-1/2

[Event "CRO-chT3"]
[Site "Rijeka/Pula"]
[Date "2009.04.26"]
[Round "5"]
[White "Relja, Marin"]
[Black "Kvaternik, Kresimir"]
[Result "1-0"]
[WhiteElo "2070"]
[BlackElo "2011"]
[PlyCount "147"]
[EventDate "2009.04.04"]
[EventType "team-tourn"]
[EventRounds "9"]
[EventCountry "CRO"]
[SourceTitle "EXT 2011"]
[Source "ChessBase"]
[SourceDate "2010.11.26"]
[SourceVersion "1"]
[SourceVersionDate "2010.11.26"]
[SourceQuality "1"]

1. d4 d5 2. Nf3 e6 3. Bf4 Bd6 4. Bg5 Be7 5. Bf4 Nf6 6. e3 c5 7. c3 Qb6 8. Qb3 Nbd7 9. Nbd2 Nh5 10. Bg3 Nxg3 11. hxg3 h6 12. Be2 Qxb3 13. axb3 a6 14. 0-0 0-0 15. Bd3 Rb8 16. dxc5 Nxc5 17. Bc2 Bf6 18. b4 Nd7 19. e4 Nb6 20. Bb3 Rd8 21. e5 Be7 22. Rfe1 Bd7 23. Nd4 Rbc8 24. Ra5 Be8 25. f4 g6 26. g4 Bd7 27. Raa1 Rc7 28. Rf1 Bc8 29. Kf2 Nc4 30. Bxc4 dxc4 31. Ke3 Rcd7 32. Nxc4 Rc7 33. Nd2 b5 34. N2f3 Bb7 35. Rad1 Rcd7 36. Rd2 g5 37. fxg5 hxg5 38. Nb3 Rxd2 39. Nbxd2 Kg7 40. Ne4 Rd5 41. Rh1 Kg6 42. Rh8 Kg7 43. Rb8 Rd7 44. Ng3 Bd8 45. Nh5+ Kg6 46. Ng3 Bd5 47. Ne4 Be7 48. Rb6 Ra7 49. Rb8 Bc4 50. Rg8+ Kh7 51. Re8 Kg6 52. Rg8+ Kh7 53. Re8 Rd7 54. Nfxg5+ Kg7 55. Nf3 Rd3+ 56. Kf4 Bf8 57. Ra8 Rd1 58. Nf6 Bf1 59. Kg3 Be2 60. Rxa6 Be7 61. Nh5+ Kg8 62. Ra8+ Kh7 63. Ra7 Bd8 64. Rxf7+ Kg8 65. Rb7 Kf8 66. Nf4 Bc4 67. Ng6+ Ke8 68. Rb8 Rb1 69. Nf4 Rxb2 70. g5 Ra2 71. g6 Ra7 72. Nd4 Rg7 73. Nc6 Rd7 74. Rxd8+ 1-0